01418 a2200181 45000010006000000050017000060080041000230030015000640400040000790800128001192450099002470200018003462640046003643000025004105050771004350410008012061000022012145447320260407155817.0260407a2000 arg spa dAR-UNSa-BCEJYS aAR-UNSa-BCEJYSbspacAR-UNSa-BCEJYS a316.421:339.9xOrigen de las sociedades globales y estructura social, económico, político y cultural (Globalización) 10aCómo sobrevivir a la globalizaciónpUna guia para protegerse en la nueva economía global a987-97892-0-2 1aBuenos Aires :bPearson Educaciónc2000 axxii, 214 p.c24 cm. a1. Crisis último modelo - 2. Las crisis, ¿Castigo divino? - 3. ¿A que llamamos contagio? - 4. El juego de las diferencias - 5. ¿Conviene perder para sobrevivir? - 6. Viaje al centro del bolsillo del inversor - 7. La macro impronta - 8. Los tres frentes - 9. Antídotos para la crisis - 10. ¿Qué se puede aprender de una crisis? - 11. ¿Por dónde entró la crisis? - 12. Anatomía de una crisis financiera - 13. Cómo saber si su banco está bajo sitio - 14. Un rombo de tres lados - 15. El mercado de capitales como un frente de crisis - 16. La ventaja de contar con un buen público - 17. La oferta: el otro lado de la demanda - 18. Todo es cuestión de estructura - 19. La importancia de un buen ambiente - 20. Conclusión"una reflexión final"  aspa1 aRedrado, Martín